Statistics for Guess the Lyrics #49

Click here to take the quiz!

General Stats

  • This quiz has been taken 761 times
    (164 since last reset)
  • The average score is 68 of 256

Answer Stats

Lyrics% Correct
I
96%
a
95%
the
88%
You
85%
you
85%
to
74%
me,
73%
me
73%
and
71%
it
70%
we
69%
We
69%
When
67%
when
67%
on
66%
my
65%
You're
61%
you're
61%
I'm
54%
are
53%
can't
49%
not
47%
why
46%
Don't
45%
have
44%
oh
38%
oh,
38%
Oh,
38%
fa
37%
Fa-fa-fa-fa,
37%
fa-fa-fa-fa-fa,
37%
but
35%
Say
35%
say
35%
say,
35%
up
35%
live
31%
la
27%
nothing
23%
yeah!
23%
real
22%
away
21%
Run,
21%
run,
21%
run
21%
something
21%
they're
21%
'cause
20%
Fa-fa-fa-fa,
20%
fa-fa-fa-fa-fa,
20%
seem
19%
que
17%
start
17%
touch
17%
even
16%
fire
16%
Psycho
16%
again?
15%
better
15%
ce
15%
Ce
15%
hate
15%
killer,
15%
once,
15%
anything
13%
face
13%
sleep
12%
hey,
11%
Hey,
11%
hey
11%
lips
11%
saying
11%
cest?
10%
c'est?
10%
facts
10%
lot,
10%
Psycho Killer - Talking Heads
10%
wire
10%
bed's
9%
people
9%
sealed
9%
talking
9%
relax
8%
ya
8%
conversation,
7%
finish
7%
Je
7%
mon
7%
nervous
7%
tense
7%
Aye
6%
aye
6%
qu'est-ce
6%
j'ai
4%
okay
4%
polite
4%
blind
3%
dit,
3%
espoir
3%
fait,
3%
soir-là
3%
vain
3%
qu'elle
2%
Réalisant
2%
vers
2%
gloire,
1%
lance,
1%

Score Distribution

Percentile by Number Answered

Percent of People with Each Score

Your Score History

You have not taken this quiz since the last reset